Loading...
| BB | 0 | 5 | 1 | 0 | 45 | 75 | 90.00 | 3 | 5 | 0.00 | 0.00 |
| MB | 2 | 2 | 1 | 0 | 45 | 50 | 70.75 | 4 | 4 | 0.00 | 0.00 |
| TR | 0 | 4 | 1 | 0 | 35 | 105 | 109.25 | 3 | 4 | 0.00 | 0.00 |
| AG | 1 | 2 | 0 | 1 | 35 | 36 | 86.00 | 3 | 3 | 0.00 | 0.00 |
| RR | 1 | 2 | 1 | 0 | 30 | 75 | 79.00 | 1 | 3 | 0.00 | 0.00 |
| AW | 1 | 1 | 0 | 0 | 25 | 63 | 89.00 | 2 | 2 | 0.00 | 0.00 |
| AR | 1 | 1 | 1 | 0 | 20 | 65 | 75.50 | 2 | 2 | 0.00 | 0.00 |
| RC | 1 | 1 | 2 | 0 | 15 | 52 | 77.50 | 2 | 2 | 0.00 | 0.00 |
| AG | chariots | 15 | 36 |
| RC | Alba Longa | -5 | 49 |
| MB | cats | 15 | 50 |
| RC | “Little Red Riding Hood” or “Little Red Cap” | 15 | 52 |
| MB | Thessaloniki | 15 | 58 |
| AW | Guān Yǔ | 15 | 63 |
| AR | Dominican Republic | 15 | 65 |
| AR | Enoch | -5 | 66 |
| RR | databases | 10 | 75 |
| BB | planetary migration | 10 | 75 |